000 00589nam a2200193Ia 4500
005 20250326144011.0
008 250326s9999 xx 000 0 und d
037 _aTextbook
040 _aFMSL
_beng
_cFMSL
041 _aeng
_2eng
084 _aY31obX P6
_qFMSL
100 _aKuhn M
_9748866
245 0 _aTowards a knowledge based economy ? : knowledge and learning in European educational research
_cKuhn M And Others
260 _aNY
_bNY, Peter Lang
_c2006
300 _a246p
365 _b66209.298794999995
942 _cTB
_hY31obX P6
999 _c1301959
_d1301959